World topics year book 1966 / (Record no. 7680)
[ view plain ]
| 000 -LEADER | |
|---|---|
| fixed length control field | 00902cas a22002771 4500 |
| 001 - CONTROL NUMBER | |
| JCCL Control Number | 7680 |
| 003 - CONTROL NUMBER IDENTIFIER | |
| JCCL marc code | BD-JhCC |
| 005 - DATE AND TIME OF LATEST TRANSACTION | |
| control field | 20181003175221.0 |
| 008 - FIXED-LENGTH DATA ELEMENTS--GENERAL INFORMATION | |
| fixed length control field | 781206c19569999iluuu 0 a0eng |
| 035 ## - SYSTEM CONTROL NUMBER | |
| system control number | (BD-JhCC)7680 |
| 040 ## - CATALOGING SOURCE | |
| Original cataloging agency | DLC |
| Transcribing agency | DXU |
| Modifying agency | DLC |
| -- | OCLCQ |
| -- | DLC |
| -- | OCLCQ |
| -- | OCLCF |
| -- | OCLCO |
| -- | OCL |
| -- | BD-JhCC |
| 041 ## - LANGUAGE CODE | |
| Language code of Book | eng |
| 050 00 - LIBRARY OF CONGRESS CALL NUMBER | |
| Classification number | D410 |
| Item number | .W645 |
| 082 0# - DEWEY DECIMAL CLASSIFICATION NUMBER | |
| Classification number | 905.8 |
| Author mark and Year | WOR 1966 |
| 245 00 - TITLE STATEMENT | |
| Title | World topics year book 1966 / |
| Statement of responsibility, etc | Tangley Oaks Educational Center. |
| 260 ## - PUBLICATION, DISTRIBUTION, ETC. (IMPRINT) | |
| Place of publication, distribution, etc | Lake Bluff, Ill., |
| Name of publisher, distributor, etc | Tangley Oaks Educational Center. |
| 300 ## - PHYSICAL DESCRIPTION | |
| Pagination | v. |
| Other physical details | ill., ports. |
| Dimensions | 25 cm. |
| 650 #0 - SUBJECT ADDED ENTRY--TOPICAL TERM | |
| Topical term or geographic name as entry element | History, Modern |
| Chronological subdivision | 1945-1989 |
| Form subdivision | Periodicals. |
| 650 #7 - SUBJECT ADDED ENTRY--TOPICAL TERM | |
| Topical term or geographic name as entry element | History, Modern. |
| 655 #7 - | |
| Genre/form data or focus term | Periodicals. |
| Source of term | fast |
| 710 2# - ADDED ENTRY--CORPORATE NAME | |
| Corporate name or jurisdiction name as entry element | Tangley Oaks Educational Center. |
| 776 08 - ADDITIONAL PHYSICAL FORM ENTRY | |
| Display text | Online version: |
| Title | World topics year book |
| Record control number | (OCoLC)741710640 |
| 942 ## - ADDED ENTRY ELEMENTS (KOHA) | |
| Source of classification or shelving scheme | Dewey Decimal Classification |
| Koha item type | Books |
| Source of classification or shelving scheme | Damaged status | Not for loan | Home library | Current library | Shelving location | Total Checkouts | Full call number | Barcode | Date last seen | Copy number | Koha item type |
|---|---|---|---|---|---|---|---|---|---|---|---|
| Dewey Decimal Classification | JCC Rouf Library | JCC Rouf Library | General Stacks | 905.8 WOR 1966 | 10307 | 02/13/2018 | C -1 | Books |